Fundición Tipográfica Neufville, S. A.
Descripción Física:
[6] p. : 27 cm
MARC
| LEADER | 00000nam a2200000Ia 4500 | ||
|---|---|---|---|
| 001 | 14799 | ||
| 008 | 160829s9999 xx 000 0 cat d | ||
| 080 | |a FU-30-42 | ||
| 110 | 2 | |a Neufville (Firma) |9 55776 | |
| 245 | |a Fundición Tipográfica Neufville, S. A. | ||
| 260 | |a S.l. : |b [la Fundición], [19-- ?] | ||
| 300 | |a [6] p. : |b 27 cm | ||
| 590 | |a Catàleg sense títol propi | ||
| 610 | 2 | 0 | |a Neufville (Firma) |v Catàlegs |9 55777 |
| 650 | |a Tipus d'impremta |x Catàlegs |9 24273 | ||
| 650 | |a Composició tipogràfica |9 38867 | ||
| 901 | |a Arxiu | ||
| 942 | |n 1 | ||
| 952 | |0 0 |1 0 |4 0 |6 FU3042 |7 1 |9 48597 |a Arxiu |b Arxiu |d 2016-12-01 |l 0 |o FU-30-42 |p 14799 |r 2016-12-01 00:00:00 |w 2016-12-01 |y ARXIU | ||
| 999 | |c 52427 |d 52427 | ||